Social research : (Record no. 56432)

MARC details
000 -LEADER
fixed length control field 00969nam a22002777a 4500
005 - DATE AND TIME OF LATEST TRANSACTION
control field 20110906142021.0
008 - FIXED-LENGTH DATA ELEMENTS--GENERAL INFORMATION
fixed length control field 110906t xxu||||| |||| 00| 0 eng d
010 ## - LCCN (DPL NO)
LC control number ENG-103633
020 ## - INTERNATIONAL STANDARD BOOK NUMBER
International Standard Book Number 9788120344006
Terms of availability 250.00
035 ## - SYSTEM CONTROL NUMBER
System control number EN-87166
037 ## - SOURCE OF ACQUISITION
Source of stock number/acquisition DBAD/PUB
040 ## - CATALOGING SOURCE
Original cataloging agency DPL
Language of cataloging Eng
082 ## - DEWEY DECIMAL CLASSIFICATION NUMBER
Classification number 300.72
100 ## - MAIN ENTRY--PERSONAL NAME
9 (RLIN) 34250
Personal name McTavish, Don G.
245 ## - TITLE STATEMENT
Title Social research :
Statement of responsibility, etc by Don G. McTavish [and] Herman J. Loether
Remainder of title an evolving process /
250 ## - EDITION STATEMENT
Edition statement 2nd ed
260 ## - PUBLICATION, DISTRIBUTION, ETC. (IMPRINT)
Place of publication, distribution, etc New Delhi
Name of publisher, distributor, etc PHI Learning
Date of publication, distribution, etc 2011
270 ## - ADDRESS
Address M-97, Connaught Circus
City New Delhi
Postal code 110001
300 ## - PHYSICAL DESCRIPTION
Extent xiii,354p.
Dimensions 24cm (pbk)
500 ## - GENERAL NOTE
General note Includes bibliographical references and index.
610 ## - SUBJECT ADDED ENTRY--CORPORATE NAME
9 (RLIN) 34253
650 ## - SUBJECT ADDED ENTRY--TOPICAL TERM
9 (RLIN) 34251
700 ## - ADDED ENTRY--PERSONAL NAME
9 (RLIN) 34258
Personal name Loether, Herman J.
942 ## - ADDED ENTRY ELEMENTS (KOHA)
Source of classification or shelving scheme Dewey Decimal Classification
Item type English Books
Classification part 300.72
Call number suffix MCT
Holdings
Withdrawn status Lost status Source of classification or shelving scheme Damaged status Not for loan Collection code Home library Current library Date acquired Source of acquisition Cost, normal purchase price Total Checkouts Full call number Barcode Date last seen Copy number Cost, replacement price Koha item type
    Dewey Decimal Classification   Not For Loan Non-fiction D.B.Act.Division D.B.Act.Division 06/09/2011 DBAD/PUB 250.00   300.72 MCT EN-87166 06/09/2011 1 250.00 English Books

© Delhi Public Library
Hit Counter
free hit counter